[Event "RA Fall op"]
[Site "Ottawa CAN"]
[Date "2014.09.20"]
[Round "4"]
[White "Wan, Kevin"]
[Black "Smilovici, Emil"]
[Result "1-0"]
[WhiteElo "2006"]
[BlackElo "1919"]
[PlyCount "141"]
[EventDate "2014.09.19"]
[EventType "swiss"]
[EventRounds "5"]
[EventCountry "CAN"]

1. e4 e5 2. Nf3 Nc6 3. Bb5 Nf6 4. O-O Nxe4 5. d4 Nd6 6. Bxc6 dxc6 7. dxe5 Nf5
8. Qxd8+ Kxd8 9. b3 a5 10. Bb2 h6 11. Nbd2 Be6 12. c4 c5 13. Ne4 b6 14. Rfd1+
Kc8 15. h3 Be7 16. g4 Nh4 17. Nxh4 Bxh4 18. f4 g6 19. Kg2 Be7 20. Ng3 Rg8 21.
a4 Kb7 22. Kf3 Bh4 23. Ne4 Be7 24. Nc3 Rgd8 25. Nd5 Bh4 26. Ke4 c6 27. Ne3 Rxd1
28. Rxd1 Rd8 29. Rxd8 Bxd8 30. f5 Bc8 31. e6 gxf5+ 32. gxf5 fxe6 33. f6 e5 34.
Bxe5 Bxf6 35. Bxf6 Bxh3 36. Bb2 h5 37. Kf4 Be6 38. Kg5 Bf7 39. Be5 Ka6 40. Bc7
Kb7 41. Bd8 Ka6 42. Kf6 Be8 43. Ke7 Bg6 44. Kd7 Kb7 45. Kd6 Bd3 46. Ke6 Ka6 47.
Ke5 Kb7 48. Kf4 Ka6 49. Kf3 Kb7 50. Kf2 Ka6 51. Ke1 Be4 52. Kd2 Kb7 53. Nf1 Bg6
54. Ng3 Ka6 55. Ne2 Kb7 56. Nf4 Bf7 57. Kd3 Ka6 58. Ke4 Kb7 59. Kf5 Ka6 60. Kf6
Bg8 61. Kg7 Bxc4 62. bxc4 b5 63. Nd3 bxc4 64. Nxc5+ Ka7 65. Bxa5 h4 66. Ne4 h3
67. Nf2 h2 68. Kf6 Ka6 69. Bc3 Kb6 70. Ke5 Kc5 71. Ke4 1-0

[Event "RA Fall op U1900"]
[Site "Ottawa CAN"]
[Date "2014.09.19"]
[Round "1"]
[White "Laurin, Marcel"]
[Black "Danilov, Alex"]
[Result "1-0"]
[WhiteElo "1636"]
[BlackElo "1843"]
[PlyCount "51"]
[EventDate "2014.09.19"]
[EventType "swiss"]
[EventRounds "5"]
[EventCountry "CAN"]

1. d4 Nf6 2. Nf3 b6 3. c4 Bb7 4. Nc3 e6 5. a3 d5 6. Qc2 Be7 7. Bf4 O-O 8. e3 c6
9. Bd3 Nbd7 10. Ng5 h6 11. h4 c5 12. Be5 Nxe5 13. dxe5 Ng4 14. Bh7+ Kh8 15. Bg8
f5 16. exf6 Nxf6 17. Nf7+ Rxf7 18. Bxf7 Qd6 19. O-O-O Qe5 20. cxd5 exd5 21. Qd3
Ng4 22. Rd2 d4 23. exd4 cxd4 24. Qxd4 Qf5 25. Qd7 Bxg2 26. Qxf5 1-0

[Event "RA Fall op U1900"]
[Site "Ottawa CAN"]
[Date "2014.09.20"]
[Round "4"]
[White "Laurin, Marcel"]
[Black "Ritchie, Gordon"]
[Result "1/2-1/2"]
[WhiteElo "1636"]
[BlackElo "1807"]
[PlyCount "52"]
[EventDate "2014.09.19"]
[EventType "swiss"]
[EventRounds "5"]
[EventCountry "CAN"]

1. d4 Nf6 2. Nf3 d5 3. h3 Bf5 4. Bf4 e6 5. e3 Bd6 6. Ne5 Ne4 7. Nd2 Nd7 8. Bd3
O-O 9. Ndf3 Bb4+ 10. Ke2 f6 11. Bxe4 dxe4 12. Ng4 Bxg4 13. hxg4 exf3+ 14. gxf3
e5 15. Qd3 exf4 16. Qc4+ Rf7 17. Rxh7 Nf8 18. Rh8+ Kxh8 19. Qxf7 Qe7 20. Rh1+
Nh7 21. Qg6 Kg8 22. Qxh7+ Kf7 23. Qh5+ Ke6 24. Qf5+ Kf7 25. Qh5+ Ke6 26. Qf5+
Kf7 1/2-1/2

[Event "RA Fall op U1900"]
[Site "Ottawa CAN"]
[Date "2014.09.20"]
[Round "5"]
[White "Peters, Romy"]
[Black "Laurin, Marcel"]
[Result "0-1"]
[WhiteElo "1627"]
[BlackElo "1636"]
[PlyCount "66"]
[EventDate "2014.09.19"]
[EventType "swiss"]
[EventRounds "5"]
[EventCountry "CAN"]

1. d4 d5 2. Nf3 Nc6 3. c3 Nf6 4. Bf4 Bf5 5. Nbd2 e6 6. e3 a6 7. Ne5 Nxe5 8.
Bxe5 Nd7 9. Bg3 h5 10. h3 g5 11. Qb3 h4 12. Bh2 b6 13. Be2 c5 14. c4 Nf6 15.
cxd5 exd5 16. Be5 Rh6 17. Bf3 c4 18. Qc3 b5 19. a3 a5 20. O-O b4 21. axb4 Bxb4
22. Qc1 Bd3 23. Re1 Qd7 24. Bxf6 Rxf6 25. Bg4 Bf5 26. e4 Bxg4 27. hxg4 Kf8 28.
Qd1 Bxd2 29. Qxd2 Qxg4 30. Rxa5 Rxa5 31. Qxa5 h3 32. g3 Qf3 33. Qd8+ Kg7 0-1

[Event "RA November op"]
[Site "Ottawa CAN"]
[Date "2014.11.28"]
[Round "1"]
[White "Gelblum, Robert"]
[Black "Palsson, Halldor"]
[Result "1-0"]
[WhiteElo "2251"]
[BlackElo "2045"]
[PlyCount "67"]
[EventDate "2014.11.28"]
[EventType "swiss"]
[EventRounds "5"]
[EventCountry "CAN"]

1. Nf3 d5 2. c4 e6 3. d4 c6 4. e3 f5 5. Nbd2 Nf6 6. Bd3 Bd6 7. b3 a5 8. a3 O-O
9. Bb2 Ne4 10. Qe2 b6 11. h3 Ba6 12. g4 Nd7 13. cxd5 Bxd3 14. Qxd3 cxd5 15.
gxf5 Nxd2 16. Nxd2 Rxf5 17. e4 dxe4 18. Qxe4 Nf8 19. O-O-O Rc8+ 20. Kb1 Rxf2
21. Rhg1 Bh2 22. Rg2 Rxg2 23. Qxg2 Bf4 24. d5 Bh6 25. Ne4 exd5 26. Nf6+ Kh8 27.
Rxd5 Qe7 28. Ng4 Bf4 29. Qf3 Ng6 30. Qd3 Rg8 31. Qd4 Qe1+ 32. Ka2 Bc1 33. Qxg7+
Rxg7 34. Rd8+ 1-0

[Event "RA November op"]
[Site "Ottawa CAN"]
[Date "2014.11.28"]
[Round "1"]
[White "Smilovici, Emil"]
[Black "Pacey, Kevin"]
[Result "0-1"]
[WhiteElo "2010"]
[BlackElo "2184"]
[PlyCount "30"]
[EventDate "2014.11.28"]
[EventType "swiss"]
[EventRounds "5"]
[EventCountry "CAN"]

1. e4 c6 2. d4 d5 3. e5 Bf5 4. Nf3 e6 5. Be2 Nd7 6. O-O Ne7 7. Be3 h6 8. Nh4 c5
9. c3 Bh7 10. f4 Nc6 11. Nf3 Qb6 12. b3 cxd4 13. cxd4 Nb4 14. a3 Nc2 15. Bc1
Nxa1 0-1

[Event "RA November op"]
[Site "Ottawa CAN"]
[Date "2014.11.28"]
[Round "1"]
[White "Yang, Michael"]
[Black "Sambuev, Bator"]
[Result "0-1"]
[WhiteElo "2105"]
[BlackElo "2672"]
[PlyCount "64"]
[EventDate "2014.11.28"]
[EventType "swiss"]
[EventRounds "5"]
[EventCountry "CAN"]

1. e4 e6 2. Nf3 d5 3. exd5 exd5 4. d4 Nc6 5. Bb5 Bd6 6. O-O Nge7 7. Nc3 O-O 8.
Re1 a6 9. Bf1 Bg4 10. Be3 Nf5 11. Be2 Nxe3 12. fxe3 Re8 13. Qd2 Bf5 14. a3 Be4
15. Rf1 Re6 16. Bd3 f5 17. Qf2 Rh6 18. h3 Qe7 19. Bxe4 dxe4 20. Nd2 Rf8 21. Nc4
g5 22. Nxd6 Qxd6 23. Ne2 Rg6 24. Ng3 Rgf6 25. c4 R6f7 26. Rae1 Ne7 27. b4 c6
28. Ne2 Qe6 29. Rc1 f4 30. Rfe1 f3 31. Nc3 g4 32. h4 g3 0-1

[Event "RA November op"]
[Site "Ottawa CAN"]
[Date "2014.11.29"]
[Round "2"]
[White "Adriaanse, Adam"]
[Black "Yao, Sammy"]
[Result "1-0"]
[WhiteElo "2172"]
[BlackElo "2072"]
[PlyCount "53"]
[EventDate "2014.11.28"]
[EventType "swiss"]
[EventRounds "5"]
[EventCountry "CAN"]

1. e4 c5 2. Nf3 Nc6 3. c3 Nf6 4. e5 Nd5 5. d4 cxd4 6. cxd4 e6 7. Bc4 d6 8. O-O
Be7 9. Qe2 O-O 10. Nc3 Nxc3 11. bxc3 Qa5 12. Bd2 dxe5 13. dxe5 Rd8 14. Rfe1 b6
15. Qe4 Bb7 16. Ng5 Bxg5 17. Bxg5 Rd7 18. Bd3 g6 19. Bf1 Ne7 20. Qf4 Nf5 21.
Rad1 Rc7 22. Bf6 Qc5 23. Bd3 Rac8 24. Bxf5 exf5 25. Rd6 Qxc3 26. Red1 Qa1 27.
h3 1-0

[Event "RA November op"]
[Site "Ottawa CAN"]
[Date "2014.11.29"]
[Round "2"]
[White "Pacey, Kevin"]
[Black "Gelblum, Robert"]
[Result "1/2-1/2"]
[WhiteElo "2184"]
[BlackElo "2251"]
[PlyCount "64"]
[EventDate "2014.11.28"]
[EventType "swiss"]
[EventRounds "5"]
[EventCountry "CAN"]

1. Nf3 c5 2. g3 Nf6 3. Bg2 d5 4. O-O g6 5. c4 d4 6. b4 Bg7 7. d3 O-O 8. Nbd2
cxb4 9. a3 b3 10. Qxb3 Nc6 11. a4 Qc7 12. Ba3 Re8 13. Rfb1 Rb8 14. Ng5 h6 15.
Nge4 Nd7 16. Nf3 b6 17. Qa2 Nf8 18. Rc1 f5 19. Ned2 Kh7 20. c5 b5 21. axb5 Rxb5
22. Rab1 Be6 23. Nc4 Reb8 24. Rxb5 Rxb5 25. Qc2 Rb8 26. Qa4 Bd7 27. Nfd2 Ne6
28. Qa6 Ned8 29. Ra1 Bc8 30. Qa4 Bd7 31. Qa6 Bc8 32. Qa4 Bd7 1/2-1/2

[Event "RA November op"]
[Site "Ottawa CAN"]
[Date "2014.11.29"]
[Round "2"]
[White "Palsson, Halldor"]
[Black "Smilovici, Emil"]
[Result "1-0"]
[WhiteElo "2045"]
[BlackElo "2010"]
[PlyCount "83"]
[EventDate "2014.11.28"]
[EventType "swiss"]
[EventRounds "5"]
[EventCountry "CAN"]

1. d4 d5 2. c4 e6 3. Nc3 c5 4. cxd5 exd5 5. Nf3 Nc6 6. g3 Nf6 7. Bg2 Be7 8. O-O
O-O 9. Bg5 c4 10. Ne5 h6 11. Bxf6 Bxf6 12. Bxd5 Nxe5 13. dxe5 Bxe5 14. Bxc4 Qc7
15. Qb3 Bh3 16. Rfc1 Rad8 17. Nd5 Qd6 18. Rd1 Qc5 19. Rac1 Be6 20. e4 b6 21.
Bb5 Bxd5 22. exd5 Qe7 23. Rc2 Bd6 24. Qf3 Bc5 25. a3 a5 26. Re2 Qg5 27. Kg2 Rd6
28. h4 Qf6 29. Qe4 Rdd8 30. Rd3 Qg6 31. Qf3 Bd6 32. Rd1 Bb8 33. Re7 Qd6 34. Qe4
f5 35. Qe2 f4 36. Re6 Qc5 37. gxf4 Rxd5 38. Bc4 Qc7 39. Bxd5 Kh8 40. Re8 Qxf4
41. Rxf8+ Qxf8 42. Qe6 1-0

[Event "RA November op"]
[Site "Ottawa CAN"]
[Date "2014.11.29"]
[Round "2"]
[White "Zhou, Qiyu"]
[Black "Zhu, Hong Rui"]
[Result "0-1"]
[WhiteElo "2239"]
[BlackElo "2207"]
[PlyCount "94"]
[EventDate "2014.11.28"]
[EventType "swiss"]
[EventRounds "5"]
[EventCountry "CAN"]

1. d4 Nf6 2. Nf3 g6 3. c4 Bg7 4. Nc3 d5 5. e3 O-O 6. Be2 dxc4 7. Bxc4 c5 8. O-O
Nc6 9. dxc5 Qa5 10. Qc2 Bg4 11. Nd4 Qxc5 12. Ncb5 Nd7 13. h3 a6 14. Nb3 Qe5 15.
N5d4 Bf5 16. Nxf5 gxf5 17. Bd2 Qxb2 18. Qxf5 e6 19. Qh5 b5 20. Bd3 Nf6 21. Qc5
Ne5 22. Bc3 Nxd3 23. Bxb2 Nxc5 24. Nxc5 Rfc8 25. Rac1 Ne4 26. Bxg7 Nxc5 27. Bd4
Nd3 28. Rxc8+ Rxc8 29. Rd1 Rc1 30. Rxc1 Nxc1 31. a3 Ne2+ 32. Kf1 Nxd4 33. exd4
Kf8 34. Ke2 Ke7 35. Kd3 Kd6 36. Kc3 a5 37. Kb3 Kd5 38. Kc3 Ke4 39. h4 b4+ 40.
axb4 axb4+ 41. Kb3 Kxd4 42. f3 e5 43. Kxb4 f5 44. g4 fxg4 45. fxg4 e4 46. g5 e3
47. h5 e2 0-1

[Event "RA November op"]
[Site "Ottawa CAN"]
[Date "2014.11.29"]
[Round "3"]
[White "Forget, David"]
[Black "Yang, Michael"]
[Result "1-0"]
[WhiteElo "1913"]
[BlackElo "2105"]
[PlyCount "67"]
[EventDate "2014.11.28"]
[EventType "swiss"]
[EventRounds "5"]
[EventCountry "CAN"]

1. d4 Nf6 2. c4 e6 3. Nc3 Bb4 4. Bd2 O-O 5. e3 b6 6. Nf3 Bb7 7. Bd3 Bxc3 8.
Bxc3 Be4 9. d5 exd5 10. cxd5 Re8 11. Bxe4 Nxe4 12. Qd4 Nxc3 13. Qxc3 Na6 14.
O-O Qc8 15. Nd4 Qb7 16. Nf5 f6 17. d6 Re5 18. Qc4+ Kh8 19. Nd4 cxd6 20. Rfd1
Rg5 21. g3 Rc5 22. Qf7 Qc7 23. Nb3 Rc6 24. Nd4 Rc5 25. Nb3 Re5 26. Rac1 Nc5 27.
Nd4 Qb7 28. Nb5 d5 29. b4 Ne6 30. Nd6 Qa6 31. Qxd7 Nf8 32. Qc6 Rb8 33. Nf7+ Kg8
34. Nxe5 1-0

[Event "RA November op"]
[Site "Ottawa CAN"]
[Date "2014.11.29"]
[Round "3"]
[White "Gelblum, Robert"]
[Black "Sadeghi, Saeid"]
[Result "1/2-1/2"]
[WhiteElo "2251"]
[BlackElo "2018"]
[PlyCount "96"]
[EventDate "2014.11.28"]
[EventType "swiss"]
[EventRounds "5"]
[EventCountry "CAN"]

1. e4 c5 2. Nf3 e6 3. d4 cxd4 4. Nxd4 Nc6 5. Nc3 Qc7 6. Be3 a6 7. Be2 Nf6 8. a3
b5 9. Nxc6 dxc6 10. O-O Be7 11. f4 O-O 12. e5 Nd5 13. Nxd5 cxd5 14. Bd3 Bc5 15.
Bxc5 Qxc5+ 16. Kh1 f5 17. exf6 Rxf6 18. Qh5 g6 19. Qe5 Rf7 20. Rae1 Qc7 21. Qg5
Qe7 22. Qg3 Qd6 23. Re5 Bd7 24. f5 Raf8 25. Rfe1 exf5 26. Qf3 Qf6 27. Qxd5 Bc6
28. Qe6 Qxe6 29. Rxe6 Rf6 30. Kg1 Kg7 31. Kf2 Rxe6 32. Rxe6 Rf6 33. Re7+ Rf7
34. Rxf7+ Kxf7 35. c4 Kf6 36. g3 Ke5 37. cxb5 axb5 38. Ke3 g5 39. Bf1 f4+ 40.
gxf4+ gxf4+ 41. Kd3 b4 42. Ke2 b3 43. Kf2 Kd4 44. Ba6 h6 45. h3 Kc5 46. Bd3 Kd4
47. Ba6 Kc5 48. Bd3 Kd4 1/2-1/2

[Event "RA November op"]
[Site "Ottawa CAN"]
[Date "2014.11.29"]
[Round "3"]
[White "Kellar, Ben"]
[Black "Zhou, Qiyu"]
[Result "0-1"]
[WhiteElo "1937"]
[BlackElo "2239"]
[PlyCount "118"]
[EventDate "2014.11.28"]
[EventType "swiss"]
[EventRounds "5"]
[EventCountry "CAN"]

1. e4 e5 2. Nf3 Nc6 3. Bc4 Bc5 4. d3 d6 5. O-O h6 6. c3 Qf6 7. b4 Bb6 8. Be3
Nge7 9. a4 a6 10. Ne1 Ng6 11. Bxb6 cxb6 12. g3 Bh3 13. Ng2 Qg5 14. Re1 h5 15.
Qf3 O-O 16. Qe3 Qd8 17. Na3 Kh7 18. Qd2 Qf6 19. Qe3 Nce7 20. Ra2 Rad8 21. Bd5
Nxd5 22. exd5 Rc8 23. c4 Qd8 24. f4 Qd7 25. b5 exf4 26. gxf4 Rce8 27. Qg3 Rxe1+
28. Nxe1 Qf5 29. Rf2 Re8 30. Nac2 h4 31. Qg5 f6 32. Qxf5 Bxf5 33. Kg2 Bg4 34.
h3 Bf5 35. Nd4 Bxh3+ 36. Kxh3 Rxe1 37. Nf5 Rh1+ 38. Kg2 Rd1 39. Nxd6 Rxd3 40.
Nxb7 axb5 41. cxb5 Rxd5 42. Rb2 Rd7 43. Nc5 bxc5 44. b6 Rb7 45. a5 Nxf4+ 46.
Kf3 Nd5 47. Ke4 Nb4 48. Kf5 Re7 49. Rxb4 cxb4 50. a6 b3 51. b7 Re5+ 52. Kf4 Rb5
53. a7 b2 54. b8=Q b1=Q 55. Qxb5 Qxb5 56. a8=Q Qg5+ 57. Kf3 Qg3+ 58. Ke2 Qg4+
59. Kf2 h3 0-1

[Event "RA November op"]
[Site "Ottawa CAN"]
[Date "2014.11.29"]
[Round "3"]
[White "Pacey, Kevin"]
[Black "Sambuev, Bator"]
[Result "0-1"]
[WhiteElo "2184"]
[BlackElo "2672"]
[PlyCount "114"]
[EventDate "2014.11.28"]
[EventType "swiss"]
[EventRounds "5"]
[EventCountry "CAN"]

1. d4 d5 2. c4 e6 3. Nf3 c6 4. Nbd2 f5 5. g3 Nf6 6. Bg2 Bd6 7. O-O Nbd7 8. Qc2
O-O 9. cxd5 cxd5 10. Nb3 Qe7 11. Bf4 Bxf4 12. gxf4 b6 13. Qd3 a5 14. Ne5 Ba6
15. Qe3 Rfc8 16. Rfc1 Nf8 17. a3 Qe8 18. a4 Qe7 19. Rc3 Rxc3 20. bxc3 Rc8 21.
Nd2 Ne8 22. c4 dxc4 23. Nc6 Qd6 24. d5 Nf6 25. Qa3 Qxa3 26. Rxa3 exd5 27. Ne7+
Kf7 28. Nxc8 Bxc8 29. Nf3 Ne6 30. Ne5+ Ke7 31. e3 Nc5 32. Bf3 Kd6 33. Bd1 Nfd7
34. Nf7+ Ke7 35. Ng5 Nf6 36. Bc2 Bd7 37. Nf3 g6 38. Nd4 Ne6 39. Ne2 Bc6 40. Ra1
Kd6 41. Kf1 d4 42. exd4 Nd5 43. Rb1 Nb4 44. Bd1 Be4 45. Rc1 Kd5 46. f3 Bd3 47.
Kf2 Na2 48. Ra1 Bxe2 49. Bxe2 Nc3 50. Bf1 Kxd4 51. Re1 Nc5 52. Re7 Nd5 53. Rxh7
c3 54. Ke1 Nb3 55. Kd1 Ne3+ 56. Ke2 c2 57. Rd7+ Nd5 0-1

[Event "RA November op"]
[Site "Ottawa CAN"]
[Date "2014.11.29"]
[Round "3"]
[White "Zhu, Hong Rui"]
[Black "Adriaanse, Adam"]
[Result "1-0"]
[WhiteElo "2207"]
[BlackElo "2172"]
[PlyCount "111"]
[EventDate "2014.11.28"]
[EventType "swiss"]
[EventRounds "5"]
[EventCountry "CAN"]

1. e4 c5 2. Ne2 Nc6 3. d4 cxd4 4. Nxd4 Nf6 5. Nc3 d6 6. Bg5 e5 7. Ndb5 a6 8.
Na3 b5 9. Bxf6 gxf6 10. Nd5 Be7 11. c3 f5 12. exf5 Bxf5 13. Qf3 Be6 14. Bd3 Rc8
15. Nc2 Bg5 16. a4 bxa4 17. Rxa4 a5 18. h4 Be7 19. Bb5 Bd7 20. Rc4 Nb8 21. Rxc8
Qxc8 22. Nb6 Qc7 23. Nxd7 Nxd7 24. Qf5 Qb7 25. c4 Kd8 26. Ne3 Nf6 27. O-O Rg8
28. Rd1 h5 29. Qxe5 Kc8 30. Qf5+ Kb8 31. g3 Ng4 32. Nxg4 Rxg4 33. Qxf7 Qe4 34.
Qe8+ Kb7 35. Qxh5 Bxh4 36. Qd5+ Qxd5 37. Rxd5 Be7 38. Kg2 Bf6 39. b3 Rd4 40.
Rxd4 Bxd4 41. f4 Kc7 42. Kf3 Kd8 43. Ke4 Bf2 44. g4 Ke7 45. Kf5 Bg3 46. g5 Kf7
47. Bc6 Bh2 48. Kg4 Bg1 49. Bd5+ Kg7 50. f5 Bd4 51. f6+ Kg6 52. Be4+ Kf7 53.
Kf5 Kf8 54. g6 Be5 55. g7+ Kf7 56. Bd5+ 1-0

[Event "RA November op"]
[Site "Ottawa CAN"]
[Date "2014.11.30"]
[Round "4"]
[White "Adriaanse, Adam"]
[Black "Gelblum, Robert"]
[Result "1/2-1/2"]
[WhiteElo "2172"]
[BlackElo "2251"]
[PlyCount "93"]
[EventDate "2014.11.28"]
[EventType "swiss"]
[EventRounds "5"]
[EventCountry "CAN"]

1. e4 e5 2. Nf3 Nc6 3. Bb5 a6 4. Ba4 Nf6 5. O-O Nxe4 6. Re1 Nc5 7. Bxc6 dxc6 8.
Nxe5 Be7 9. b3 Be6 10. Bb2 O-O 11. d4 Nd7 12. Nd2 Nxe5 13. dxe5 Bb4 14. c3 Ba5
15. Qe2 Bb6 16. Rad1 Qh4 17. Nf3 Qh5 18. h3 Qg6 19. Kh1 Rfd8 20. Rxd8+ Rxd8 21.
Nd4 Bxd4 22. cxd4 h5 23. Qe4 Bf5 24. Qf4 Re8 25. Re3 Be6 26. Qe4 Qxe4 27. Rxe4
Bf5 28. Re3 Bb1 29. a3 Bf5 30. h4 Be6 31. Kg1 Bd5 32. Kf1 Kh7 33. Rg3 Re6 34.
b4 Rg6 35. Rxg6 Kxg6 36. f3 Kf5 37. Kf2 Ba2 38. Ke3 Bb1 39. Bc1 Ke6 40. Kd2 Kd5
41. Kc3 Ba2 42. Bg5 Ke6 43. a4 Bb1 44. a5 Ba2 45. Bd8 Kd7 46. Bg5 Bd5 47. Kd3
1/2-1/2

[Event "RA November op"]
[Site "Ottawa CAN"]
[Date "2014.11.30"]
[Round "4"]
[White "Sadeghi, Saeid"]
[Black "Pacey, Kevin"]
[Result "1-0"]
[WhiteElo "2018"]
[BlackElo "2184"]
[PlyCount "87"]
[EventDate "2014.11.28"]
[EventType "swiss"]
[EventRounds "5"]
[EventCountry "CAN"]

1. d4 d5 2. c4 e6 3. Nc3 Be7 4. Nf3 Nf6 5. Bf4 O-O 6. e3 c5 7. Bd3 Nc6 8. Rc1
cxd4 9. exd4 Nb4 10. Be2 dxc4 11. Bxc4 a6 12. O-O b5 13. Bb3 Bb7 14. a3 Nbd5
15. Bg3 Rc8 16. Nxd5 Bxd5 17. Bxd5 Qxd5 18. Qd2 Ne4 19. Qa5 Nxg3 20. hxg3 Qb7
21. Qd2 Rfd8 22. Rxc8 Rxc8 23. Rc1 Rxc1+ 24. Qxc1 Bf8 25. Kh2 f6 26. Qe3 Qc6
27. Ne1 a5 28. Nd3 a4 29. Nc5 e5 30. b4 Qd5 31. dxe5 Qxe5 32. Qxe5 fxe5 33. Ne4
Kf7 34. Nc3 Ke6 35. Nxb5 Kd5 36. Nc3+ Kc4 37. Nxa4 Kb3 38. Nb6 Kxa3 39. b5 Bc5
40. Nd7 Bxf2 41. b6 e4 42. b7 e3 43. b8=Q e2 44. Qf8+ 1-0

[Event "RA November op"]
[Site "Ottawa CAN"]
[Date "2014.11.30"]
[Round "4"]
[White "Sambuev, Bator"]
[Black "Zhu, Hong Rui"]
[Result "1-0"]
[WhiteElo "2672"]
[BlackElo "2207"]
[PlyCount "75"]
[EventDate "2014.11.28"]
[EventType "swiss"]
[EventRounds "5"]
[EventCountry "CAN"]

1. d4 d5 2. c4 e6 3. Nc3 Be7 4. Nf3 Nf6 5. Bg5 O-O 6. e3 Nbd7 7. Qc2 a6 8. cxd5
exd5 9. Bd3 c6 10. O-O Re8 11. h3 Nf8 12. Ne5 N6d7 13. Bf4 Nxe5 14. Bxe5 Bd6
15. f4 Bb4 16. f5 Bd6 17. Bxd6 Qxd6 18. Rf3 Nd7 19. g4 Qh6 20. Qg2 Qg5 21. h4
Qxh4 22. g5 h6 23. gxh6 Qxh6 24. Kf2 Qh4+ 25. Rg3 Nf8 26. Rh1 Qf6 27. Kg1 Re7
28. Ne2 g6 29. Rh5 Bd7 30. fxg6 fxg6 31. Rhg5 Be8 32. Bxg6 Bxg6 33. Nf4 Rg7 34.
Nxg6 Ne6 35. Rf5 Qd8 36. Qh3 Rh7 37. Ne7+ Kh8 38. Qxh7+ 1-0

[Event "RA November op"]
[Site "Ottawa CAN"]
[Date "2014.11.30"]
[Round "5"]
[White "Sambuev, Bator"]
[Black "Sadeghi, Saeid"]
[Result "1/2-1/2"]
[WhiteElo "2672"]
[BlackElo "2018"]
[PlyCount "119"]
[EventDate "2014.11.28"]
[EventType "swiss"]
[EventRounds "5"]
[EventCountry "CAN"]

1. d4 d5 2. Nf3 Nf6 3. e3 e6 4. Bd3 c5 5. b3 Nc6 6. O-O Be7 7. Bb2 O-O 8. Nbd2
Nb4 9. Be2 Ne4 10. c4 cxd4 11. exd4 b6 12. a3 Nc6 13. Rc1 Bb7 14. b4 Nxd2 15.
Nxd2 Bf6 16. cxd5 Nxd4 17. Bxd4 Bxd4 18. dxe6 fxe6 19. Bf3 Bxf3 20. Nxf3 Bb2
21. Rb1 Bf6 22. Re1 Qxd1 23. Rbxd1 Rfd8 24. g4 b5 25. Kg2 Rxd1 26. Rxd1 a5 27.
Rd6 axb4 28. axb4 Ra4 29. g5 Bb2 30. Rxe6 Rxb4 31. Rb6 g6 32. Rb8+ Kg7 33. Rb7+
Kg8 34. h3 Bc3 35. Nh2 Bd2 36. Nf3 Bc3 37. Rd7 Rf4 38. Rb7 b4 39. Kg3 Rf7 40.
Rb6 Kf8 41. Rb5 Ke8 42. Ng1 Kd7 43. Ne2 Rf5 44. Rb7+ Kc6 45. Rxh7 Rc5 46. Kg2
b3 47. Nxc3 Rxc3 48. Rh4 Kc5 49. Rh8 Rc4 50. Rb8 Rb4 51. Rc8+ Kd5 52. Rc1 b2
53. Rb1 Ke4 54. Kg3 Rb3+ 55. Kg4 Kd3 56. f4 Kc2 57. Rxb2+ Kxb2 58. h4 Rb4 59.
h5 gxh5+ 60. Kxh5 1/2-1/2

[Event "RA November op"]
[Site "Ottawa CAN"]
[Date "2014.11.30"]
[Round "5"]
[White "Yao, Sammy"]
[Black "Gelblum, Robert"]
[Result "0-1"]
[WhiteElo "2072"]
[BlackElo "2251"]
[PlyCount "70"]
[EventDate "2014.11.28"]
[EventType "swiss"]
[EventRounds "5"]
[EventCountry "CAN"]

1. e4 e6 2. d4 d5 3. e5 c5 4. c3 Nc6 5. Nf3 Qb6 6. a3 cxd4 7. cxd4 Nh6 8. b4
Nf5 9. Bb2 Bd7 10. Be2 Be7 11. O-O Rc8 12. Qd3 a6 13. g4 Nh6 14. h3 f6 15. Qe3
Nf7 16. Nbd2 fxe5 17. dxe5 Qxe3 18. fxe3 Na7 19. Rac1 O-O 20. Nb3 Bb5 21. Bxb5
Nxb5 22. Nbd4 Ng5 23. Kg2 Nxf3 24. Rxf3 Rxc1 25. Rxf8+ Kxf8 26. Bxc1 Nxd4 27.
exd4 Ke8 28. Kf3 Kd7 29. Bd2 a5 30. Ke2 axb4 31. axb4 Kc6 32. Kd3 Kb5 33. Kc2
Bxb4 34. Be3 Kc4 35. Bf2 Bc3 0-1

[Event "RA November op U1900"]
[Site "Ottawa CAN"]
[Date "2014.11.28"]
[Round "1"]
[White "Carroll, Billy"]
[Black "Laurin, Marcel"]
[Result "0-1"]
[WhiteElo "1343"]
[BlackElo "1783"]
[PlyCount "94"]
[EventDate "2014.11.28"]
[EventType "swiss"]
[EventRounds "5"]
[EventCountry "CAN"]

1. e4 c5 2. Nf3 Nc6 3. Bc4 e6 4. d3 a6 5. c3 Be7 6. Be3 b5 7. Bb3 d6 8. Nbd2
Bb7 9. a4 b4 10. cxb4 Nxb4 11. Nc4 a5 12. h4 Nf6 13. Nh2 Nd7 14. h5 d5 15. Na3
d4 16. Bf4 e5 17. Bg3 Ba6 18. Bc4 h6 19. Nf3 Bf6 20. Nb5 Qb6 21. Qb3 O-O 22.
Nh4 Bxh4 23. Bxh4 Nf6 24. Bg3 Rae8 25. Rh4 Nh7 26. f4 exf4 27. Rxf4 Ng5 28. Rf5
Bxb5 29. axb5 Kh7 30. Kd2 g6 31. hxg6+ fxg6 32. Rxf8 Rxf8 33. e5 Qb7 34. Rg1
Nf3+ 35. gxf3 Qxf3 36. Re1 Qxg3 37. e6 Rf2+ 38. Kc1 Rc2+ 39. Qxc2 Nxc2 40. Kxc2
Qxe1 41. b6 Qe5 42. b7 Qe2+ 43. Kb1 Qd1+ 44. Ka2 Qa4+ 45. Kb1 Qe8 46. e7 Kg7
47. b8=Q Qxb8 0-1

[Event "RA November op U1900"]
[Site "Ottawa CAN"]
[Date "2014.11.29"]
[Round "3"]
[White "Laurin, Marcel"]
[Black "Kearnan, Daniel"]
[Result "0-1"]
[WhiteElo "1783"]
[BlackElo "1788"]
[PlyCount "86"]
[EventDate "2014.11.28"]
[EventType "swiss"]
[EventRounds "5"]
[EventCountry "CAN"]

1. d4 g6 2. c4 Bg7 3. Nc3 d6 4. e4 e5 5. d5 Nd7 6. Be3 Ne7 7. Nf3 h6 8. Bd3 O-O
9. Qd2 Kh7 10. h4 Nf6 11. O-O-O Ng4 12. h5 Nxe3 13. Qxe3 g5 14. Kb1 Bg4 15. Be2
Bxf3 16. Bxf3 Kh8 17. g4 Qd7 18. Be2 a6 19. Rdg1 Rfb8 20. Rh3 b5 21. Rf3 Kg8
22. Rf5 Nxf5 23. exf5 bxc4 24. Ne4 Qb5 25. Qc3 Qxd5 26. f3 Qd4 27. Qxd4 exd4
28. Bxc4 Be5 29. b3 c6 30. Bd3 a5 31. f6 a4 32. Kb2 axb3 33. axb3 Ra5 34. Rb1
d5 35. Nxg5 hxg5 36. f4 Bxf4 37. Rg1 c5 38. h6 c4 39. h7+ Kh8 40. Re1 Rxb3+ 41.
Kc2 Rc3+ 42. Kb1 Rb5+ 43. Ka2 Rxd3 0-1

[Event "RA November op U1900"]
[Site "Ottawa CAN"]
[Date "2014.11.30"]
[Round "4"]
[White "Kearnan, Daniel"]
[Black "Perkins, Simon"]
[Result "1/2-1/2"]
[WhiteElo "1788"]
[BlackElo "1685"]
[PlyCount "103"]
[EventDate "2014.11.28"]
[EventType "swiss"]
[EventRounds "5"]
[EventCountry "CAN"]

1. d4 Nf6 2. c4 e6 3. g3 d5 4. Nf3 dxc4 5. Bg2 Bd7 6. Ne5 Nc6 7. Nxc6 Bxc6 8.
Bxc6+ bxc6 9. O-O Be7 10. Qa4 Qd7 11. Qxc4 Qd5 12. Qd3 Qb5 13. Qc2 O-O 14. Nc3
Qh5 15. f3 Rfd8 16. Be3 Qh3 17. Nd1 Nd5 18. Bf2 Nb4 19. Qc4 Rd5 20. g4 Bd6 21.
Bg3 Bxg3 22. hxg3 Qxg3+ 23. Kh1 Qd6 24. a3 Rxd4 25. Qc3 Na6 26. b4 h5 27. Nf2
hxg4 28. Ne4 Qd5 29. Rg1 Kf8 30. Rxg4 Rd8 31. e3 Rd1+ 32. Kg2 f6 33. Rxg7 Rd2+
34. Kg3 e5 35. Rh7 Rd3 36. Rh8+ Ke7 37. Rxd8 Kxd8 38. Qc2 Ke7 39. Rh1 Ke6 40.
Rh6 Rxe3 41. Rxf6+ Ke7 42. Qxc6 Qxc6 43. Rxc6 Rxa3 44. b5 Nb4 45. Rxc7+ Ke6 46.
Rb7 Nd5 47. Nc5+ Kd6 48. Na6 Rb3 49. Rxa7 Rxb5 50. Ra8 Ra5 51. Rh8 Kc6 52. Nb8+
1/2-1/2

[Event "RA November op U1900"]
[Site "Ottawa CAN"]
[Date "2014.11.31"]
[Round "4"]
[White "Masse-Garneau, Anthony"]
[Black "Carroll, Billy"]
[Result "0-1"]
[WhiteElo "1146"]
[BlackElo "1343"]
[PlyCount "48"]
[EventDate "2014.11.28"]
[EventType "swiss"]
[EventRounds "5"]
[EventCountry "CAN"]

1. e4 e5 2. Nf3 d6 3. c3 Nf6 4. d3 Be6 5. Nbd2 Be7 6. d4 Nbd7 7. h3 c6 8. c4
Qa5 9. d5 cxd5 10. exd5 Bf5 11. Nh4 Bg6 12. Nxg6 hxg6 13. Qb3 Nc5 14. Qa3 Bd8
15. Qxa5 Bxa5 16. a3 Bb6 17. b4 Na4 18. Nb3 Ng4 19. c5 dxc5 20. hxg4 Rxh1 21.
Bd2 Rd8 22. bxc5 Nxc5 23. Rb1 Ne4 24. f3 Ng3 0-1